| 000 | 00417nam a22001577a 4500 | ||
|---|---|---|---|
| 020 | _a9788126526901 | ||
| 040 | _cNust | ||
| 082 |
_a620.1 _bMER |
||
| 100 |
_aMeriam,.L.J _9123373 |
||
| 110 |
_aKraige,. G.L _9123374 |
||
| 245 | _aEngineering Mechanics Statics | ||
| 250 | _a6th Edition | ||
| 260 |
_aNew Delhi: _bJohn Wiley & Sons Inc, _c2008. |
||
| 650 |
_aEngineering Mechanics Statics _962801 |
||
| 942 |
_2ddc _cBK |
||
| 999 |
_c610129 _d610129 |
||